Paul's second Epistle to the Corinthians; the English text with introd., exposition, and notes. (Record no. 437)

000 -LEADER
fixed length control field 00694nam a2200193 a 4500
001 - CONTROL NUMBER
control field :::00013591$&:&@@
003 - CONTROL NUMBER IDENTIFIER
control field OkBaRHE
005 - DATE AND TIME OF LATEST TRANSACTION
control field 20100324120749.0
008 - FIXED-LENGTH DATA ELEMENTS--GENERAL INFORMATION
fixed length control field s1962 j 000 0 eng u
040 ## - CATALOGING SOURCE
Transcribing agency
100 1# - MAIN ENTRY--PERSONAL NAME
Personal name Hughes, Philip Edgcumbe.
245 10 - TITLE STATEMENT
Title Paul's second Epistle to the Corinthians; the English text with introd., exposition, and notes.
260 ## - PUBLICATION, DISTRIBUTION, ETC. (IMPRINT)
Place of publication, distribution, etc Grand Rapids
Name of publisher, distributor, etc Eerdmans
Date of publication, distribution, etc 1962
300 ## - PHYSICAL DESCRIPTION
Extent 508 p. ;
Dimensions 23 cm.
490 0# - SERIES STATEMENT
Series statement The international commentary on the New Testament
650 ## - SUBJECT ADDED ENTRY--TOPICAL TERM
Topical term or geographic name as entry element Bible. N.T. Second Corinthians
General subdivision Commentaries.
942 ## - ADDED ENTRY ELEMENTS (KOHA)
Source of classification or shelving scheme
Koha item type Books
Copies
Source of classification or shelving scheme Not for loan Koha item type Copy number Damaged status Barcode Shelving location Date acquired Price effective from Date last seen Permanent Location Collection code Withdrawn status Full call number Lost status
  Books1 13591General Stacks2010-04-142010-04-142018-04-03RHEMA Bible Training CollegeReference BS 2675.3 .H9